000 00766nam a22002297a 4500
005 20170124110010.0
010 _aA-899794
020 _c00.00
_a8121003776
035 _aA-899794
037 _bCen Lib/Ret
040 _aDPL
_bEN
082 _a346.0150269
_bFAM
245 _aFamily courts in india :
_cedited by Ratna Verma
_ban appraisal of strength and limitation /
260 _bInter-India Publications
_aNew Delhi
_c1997
270 _bNew Delhi
_e110015
_aD-17, raja garden
300 _a136p.
_c21cm(Hb)
500 _aIncludes bibliographical references and index
650 _aConstitutional rights
_971926
650 _aFamily courts
_zIndia
_917576
700 _aVerma, Ratna
_917577
942 _2ddc
_cEN
_h346.0150269
_mFAM
999 _c126459
_d126459